000 00754nam a2200205Ia 4500
005 20250507130351.0
008 008 250505s9999 xx 000 0 eng d
020 _a9780801444180
037 _aAnnuals, Advances
040 _aEASL
_beng
_cEASL
041 _aeng
_2eng
084 _aS5:526.42, P6
_qEASL
100 _aLeheny David Au.
_9665355
245 0 _aThink Global Fear Local: Sex,Violence,and Anxiety in contemporary Japan
260 _aUSA
_bIthaca Cornell University
_c2006
300 _axi,230p.
650 _aFear - social aspects - Japan; Violence - social aspects - Japan; Sex - social aspects - Japan; Japan - social conditions; JEL
_9755273
942 _cTEXL
_hS5:526.42, P6
999 _c1319266
_d1319266